[Event "Skakligaen 2005/06"]
[Site "Denmark"]
[Date "2006.01.15"]
[Round "5.7"]
[White "Palm, Nikolaj"]
[Black "Nielsen, John Bauneborg"]
[Result "1/2-1/2"]
[WhiteElo "2231"]
[BlackElo "2163"]
[PlyCount "87"]
[EventDate "2005.11.05"]
[EventType "team"]
[EventRounds "9"]
[EventCountry "DEN"]
[WhiteTeam "Bronshoj"]
[BlackTeam "Norresundby"]
[WhiteTeamCountry "DEN"]
[BlackTeamCountry "DEN"]

1. d4 d5 2. Nf3 Nf6 3. c4 e6 4. Bg5 Nbd7 5. Nc3 Be7 6. e3 O-O 7. Rc1 c6 8. Bd3
dxc4 9. Bxc4 b5 10. Bd3 a6 11. O-O c5 12. a4 b4 13. Ne4 Nxe4 14. Bxe4 Ra7 15.
Bxe7 Qxe7 16. dxc5 f5 17. Bc6 Nxc5 18. Qc2 Nd7 19. Nd4 Ne5 20. f4 Ng4 21. Qb3
Rc7 22. Bf3 Rxc1 23. Rxc1 Bd7 24. Nxf5 Rxf5 25. Bxg4 Rd5 26. f5 Qd6 27. fxe6
Bxe6 28. Bxe6+ Qxe6 29. e4 Re5 30. Qxe6+ Rxe6 31. Rc4 a5 32. Kf2 h5 33. Ke3 h4
34. Rc5 Rg6 35. Kf3 Rd6 36. Rxa5 Rd2 37. b3 h3 38. gxh3 Rxh2 39. Rb5 Rxh3+ 40.
Kf4 Rxb3 41. a5 Ra3 42. Rxb4 Rxa5 43. Rb7 Kf8 44. e5 1/2-1/2

[Event "Skakligaen 2005/06"]
[Site "Denmark"]
[Date "2006.01.15"]
[Round "5.1"]
[White "Matthiesen, Martin"]
[Black "Hector, Jonny"]
[Result "0-1"]
[WhiteElo "2361"]
[BlackElo "2509"]
[PlyCount "84"]
[EventDate "2005.11.05"]
[EventType "team"]
[EventRounds "9"]
[EventCountry "DEN"]
[WhiteTeam "SK1968"]
[BlackTeam "Nordkalotten"]
[WhiteTeamCountry "DEN"]
[BlackTeamCountry "DEN"]

1. d4 d5 2. c4 c6 3. Nf3 Nf6 4. Nc3 dxc4 5. a4 Bf5 6. Ne5 Nbd7 7. Nxc4 Qc7 8.
g3 e5 9. dxe5 Nxe5 10. Bf4 Nfd7 11. Bg2 f6 12. O-O Nc5 13. Ne3 Be6 14. b4 Rd8
15. Qb1 Nb3 16. Ned5 cxd5 17. Qxb3 Qc4 18. Qxc4 Nxc4 19. Rfd1 Bxb4 20. Nxd5 Ba5
21. Nc7+ Bxc7 22. Bxc7 Rc8 23. Bd6 b6 24. Bb4 Kf7 25. a5 Rc7 26. axb6 axb6 27.
Rdb1 Rd8 28. Be1 f5 29. Rb4 Rd6 30. Rc1 Rcd7 31. Rbb1 Ra7 32. Rb4 Ra2 33. Bf1
Ne5 34. f3 Bd7 35. f4 Ng4 36. Bf2 b5 37. Bd4 Rd2 38. e3 Nxh2 39. Bxb5 Nf3+ 40.
Kf1 Rh6 41. Bc4+ Ke7 42. Bc5+ Kd8 0-1

[Event "Skakligaen 2005/06"]
[Site "Denmark"]
[Date "2006.01.15"]
[Round "5.2"]
[White "Brynell, Stellan"]
[Black "Holst, Allan"]
[Result "1-0"]
[WhiteElo "2496"]
[BlackElo "2358"]
[PlyCount "69"]
[EventDate "2005.11.05"]
[EventType "team"]
[EventRounds "9"]
[EventCountry "DEN"]
[WhiteTeam "Nordkalotten"]
[BlackTeam "SK1968"]
[WhiteTeamCountry "DEN"]
[BlackTeamCountry "DEN"]

1. d4 Nf6 2. c4 e6 3. Nf3 Bb4+ 4. Bd2 Qe7 5. g3 Nc6 6. Nc3 Bxc3 7. Bxc3 Ne4 8.
Rc1 a5 9. Bg2 O-O 10. O-O Nxc3 11. Rxc3 d6 12. d5 Nb4 13. a3 Na6 14. dxe6 fxe6
15. h4 e5 16. b3 Kh8 17. Re3 c6 18. Qd2 a4 19. b4 Be6 20. Rc1 Rac8 21. c5 dxc5
22. bxc5 Bd5 23. Nxe5 Qf6 24. f4 Rcd8 25. Rd3 Be6 26. Qa5 Rxd3 27. exd3 Bb3 28.
Kh2 Qd8 29. Nxc6 Qxd3 30. Ne5 Qe2 31. c6 bxc6 32. Rxc6 Nb8 33. Qc5 Rg8 34. Rb6
Ba2 35. Qd6 1-0

[Event "Skakligaen 2005/06"]
[Site "Denmark"]
[Date "2006.01.15"]
[Round "5.3"]
[White "Matthiesen, Arne"]
[Black "Kristensen, Kaare Hove"]
[Result "1-0"]
[WhiteElo "2368"]
[BlackElo "2314"]
[PlyCount "67"]
[EventDate "2005.11.05"]
[EventType "team"]
[EventRounds "9"]
[EventCountry "DEN"]
[WhiteTeam "SK1968"]
[BlackTeam "Nordkalotten"]
[WhiteTeamCountry "DEN"]
[BlackTeamCountry "DEN"]

1. d4 d5 2. c4 e6 3. Nf3 c5 4. cxd5 exd5 5. Nc3 Nc6 6. e3 Nf6 7. Bb5 Bd6 8.
dxc5 Bxc5 9. O-O O-O 10. b3 Bb6 11. Na4 Bc7 12. Ba3 Ne7 13. Rc1 a6 14. Be2 Bg4
15. h3 Bxf3 16. Bxf3 Re8 17. Nc3 Bd6 18. Bb2 Be5 19. Qd3 Qd7 20. Rfd1 Rad8 21.
Qb1 Qe6 22. Ne2 Nc6 23. Nd4 Bxd4 24. Bxd4 Ne4 25. Ba1 f6 26. b4 a5 27. b5 Ne7
28. Qb3 Kf7 29. Rc7 Rc8 30. Rxb7 Nc5 31. Bxd5 Nxb3 32. Bxe6+ Kxe6 33. axb3 Rb8
34. Rdd7 1-0

[Event "Skakligaen 2005/06"]
[Site "Denmark"]
[Date "2006.01.15"]
[Round "5.4"]
[White "Nielsen, Lars Aaes"]
[Black "Hansen, Lars"]
[Result "1-0"]
[WhiteElo "2182"]
[BlackElo "2255"]
[PlyCount "76"]
[EventDate "2005.11.05"]
[EventType "team"]
[EventRounds "9"]
[EventCountry "DEN"]
[WhiteTeam "Nordkalotten"]
[BlackTeam "SK1968"]
[WhiteTeamCountry "DEN"]
[BlackTeamCountry "DEN"]

1. e4 g6 2. d4 Bg7 3. Nc3 c6 4. f4 d5 5. e5 h5 6. Be3 Nh6 7. Nf3 Bg4 8. Bd3 e6
9. Bf2 Nf5 10. Bxf5 exf5 11. h3 Bxf3 12. Qxf3 Nd7 13. O-O-O h4 14. Na4 Qa5 15.
Qb3 b5 16. Nc5 Nxc5 17. dxc5 Bh6 18. Rd4 Bg7 19. Rhd1 O-O-O 20. Be1 Qc7 21. a4
a6 22. axb5 axb5 23. Qa2 Kb7 24. Ba5 Ra8 25. b4 Rhe8 26. Qb3 Rxa5 27. bxa5 Ka6
28. Qc3 f6 29. Rxd5 cxd5 30. Rxd5 Rd8 31. Rd6+ Rxd6 32. exd6 Qc6 33. Qe3 Bh6
34. Kb1 Bf8 35. Qe6 Kxa5 36. Qxf6 Bh6 37. Qd4 b4 38. d7 Bg7 1-0

[Event "Skakligaen 2005/06"]
[Site "Denmark"]
[Date "2006.01.15"]
[Round "5.5"]
[White "Sobjerg, Erik"]
[Black "Jakobsen, Peter"]
[Result "1-0"]
[WhiteElo "2288"]
[BlackElo "2162"]
[PlyCount "73"]
[EventDate "2005.11.05"]
[EventType "team"]
[EventRounds "9"]
[EventCountry "DEN"]
[WhiteTeam "SK1968"]
[BlackTeam "Nordkalotten"]
[WhiteTeamCountry "DEN"]
[BlackTeamCountry "DEN"]

1. e4 c5 2. Nf3 d6 3. d4 cxd4 4. Nxd4 Nf6 5. Nc3 g6 6. Be3 Bg7 7. f3 Nc6 8. Qd2
O-O 9. Bc4 Bd7 10. O-O-O Qa5 11. h4 Rfc8 12. Bb3 Ne5 13. Kb1 Nc4 14. Bxc4 Rxc4
15. Nb3 Qc7 16. g4 Rxc3 17. Qxc3 Qxc3 18. bxc3 Be6 19. Bd4 a5 20. e5 dxe5 21.
Bxe5 Nd5 22. Bxg7 Kxg7 23. Kb2 Nb6 24. Rhe1 Kf8 25. Nc5 Bc4 26. Nd7+ Nxd7 27.
Rxd7 e6 28. Rxb7 Bd5 29. Rc7 Rb8+ 30. Ka3 Rb7 31. Rxb7 Bxb7 32. f4 Bc6 33. Re5
a4 34. Rc5 Bd7 35. Rc7 Ke7 36. g5 Kd6 37. Ra7 1-0

[Event "Skakligaen 2005/06"]
[Site "Denmark"]
[Date "2006.01.15"]
[Round "5.6"]
[White "Koch, Soren Andreas"]
[Black "Bank, Pelle Rodkjaer"]
[Result "0-1"]
[WhiteElo "2106"]
[BlackElo "2286"]
[PlyCount "78"]
[EventDate "2005.11.05"]
[EventType "team"]
[EventRounds "9"]
[EventCountry "DEN"]
[WhiteTeam "Nordkalotten"]
[BlackTeam "SK1968"]
[WhiteTeamCountry "DEN"]
[BlackTeamCountry "DEN"]

1. d4 g6 2. g3 Bg7 3. Bg2 Nf6 4. e4 O-O 5. Nc3 d6 6. Nge2 Nbd7 7. O-O e5 8. h3
Re8 9. Bg5 exd4 10. Nxd4 h6 11. Bf4 Nc5 12. Re1 Ne6 13. Be3 Nxd4 14. Bxd4 Be6
15. Qd2 Qd7 16. Kh2 Kh7 17. Rad1 Rad8 18. f4 c5 19. Be3 b5 20. a3 a5 21. Qf2 b4
22. e5 bxc3 23. Rxd6 Qxd6 24. exd6 cxb2 25. c3 Rb8 26. Rb1 Bf5 27. Rxb2 Rxb2
28. Qxb2 Rxe3 29. g4 Be6 30. g5 hxg5 31. fxg5 Nd7 32. Qb5 Be5+ 33. Kg1 Bg3 34.
Bf1 Rxc3 35. Qxa5 Rc2 36. Bd3 Bf2+ 37. Kh1 Bd5+ 38. Kh2 Be1+ 39. Bxc2 Bxa5 0-1

[Event "Skakligaen 2005/06"]
[Site "Denmark"]
[Date "2006.01.15"]
[Round "5.7"]
[White "Hansen, Bjarne"]
[Black "Lilja, Richard"]
[Result "1-0"]
[WhiteElo "2253"]
[BlackElo "2014"]
[PlyCount "111"]
[EventDate "2005.11.05"]
[EventType "team"]
[EventRounds "9"]
[EventCountry "DEN"]
[WhiteTeam "SK1968"]
[BlackTeam "Nordkalotten"]
[WhiteTeamCountry "DEN"]
[BlackTeamCountry "DEN"]

1. d4 Nf6 2. Bg5 Ne4 3. Bf4 d5 4. e3 Bf5 5. Bd3 e6 6. f3 Nd6 7. Ne2 Nd7 8. Nbc3
Bxd3 9. Qxd3 c6 10. e4 Be7 11. e5 Nf5 12. O-O-O b5 13. g4 Nh4 14. Bg3 Qa5 15.
Bxh4 Bxh4 16. a3 b4 17. axb4 Qxb4 18. Qa6 O-O 19. Qxc6 Qe7 20. Qd6 Qd8 21. Na4
Be7 22. Qa6 Qc7 23. Rd3 Bb4 24. Kb1 Rfc8 25. Rc1 Nb8 26. Qb5 Nc6 27. c3 Be7 28.
f4 Rab8 29. Qa6 Rb7 30. Nc5 Bxc5 31. dxc5 Nb8 32. Qa3 Qxc5 33. Qxc5 Rxc5 34.
Nd4 Nc6 35. Nxc6 Rxc6 36. Rd4 Kf8 37. Kc2 Ke8 38. Ra1 Kd7 39. Rda4 Rcc7 40. f5
g6 41. Rf1 g5 42. Rf3 Rc4 43. fxe6+ Kxe6 44. Rf6+ Kxe5 45. Rf5+ Ke4 46. Ra1
Rxb2+ 47. Kxb2 d4 48. Re1+ Kd3 49. Rd1+ Ke3 50. Re5+ Kf4 51. Rxd4+ Rxd4 52.
cxd4 Kxg4 53. d5 Kf4 54. Re7 Kf5 55. d6 Kf6 56. Re2 1-0

[Event "Skakligaen 2005/06"]
[Site "Denmark"]
[Date "2006.01.15"]
[Round "5.8"]
[White "Andersen, Peter Vestergaard"]
[Black "Alkaersig, Ole"]
[Result "0-1"]
[WhiteElo "1949"]
[BlackElo "2181"]
[PlyCount "140"]
[EventDate "2005.11.05"]
[EventType "team"]
[EventRounds "9"]
[EventCountry "DEN"]
[WhiteTeam "Nordkalotten"]
[BlackTeam "SK1968"]
[WhiteTeamCountry "DEN"]
[BlackTeamCountry "DEN"]

1. e4 e5 2. Nf3 d6 3. Nc3 Nf6 4. d4 Nbd7 5. dxe5 dxe5 6. Bc4 Be7 7. O-O c6 8.
h3 O-O 9. Be3 b5 10. Bd3 Qc7 11. Qe2 Nc5 12. Rfd1 Bb7 13. a3 Rad8 14. Rd2 a6
15. Bxc5 Bxc5 16. Rad1 Nh5 17. Qe1 Nf4 18. Ne2 Nxd3 19. Rxd3 f6 20. Rxd8 Rxd8
21. Rxd8+ Qxd8 22. Qd2 Qxd2 23. Nxd2 Bc8 24. Ng3 g6 25. Kf1 Kf7 26. Ke2 Be6 27.
f3 Ke7 28. Kd3 Bd4 29. c3 Bf2 30. Ngf1 Kd6 31. Ne3 h5 32. Ke2 Bg3 33. Kd3 Bf4
34. Ke2 Bh6 35. Kd3 a5 36. b4 a4 37. Ke2 Bf8 38. Kd3 Bh6 39. Ke2 c5 40. Kd3 Kc6
41. Ke2 Bf8 42. Kd3 Be7 43. Ke2 cxb4 44. cxb4 Bd8 45. Kd3 Bb6 46. Nc2 h4 47.
Kc3 Bf2 48. Kd3 Kd6 49. Ne3 f5 50. Ke2 Bg3 51. Kd3 Bf4 52. Nc2 Bg5 53. Ne3 Bd8
54. Nc2 Bb6 55. Kc3 Ke7 56. Kd3 Kf6 57. Ne3 Kg5 58. Nb1 Kf4 59. Nc3 Kg3 60.
Ncd5 Bd8 61. Ke2 f4 62. Nf1+ Kxg2 63. Nd2 Bxh3 64. Nc3 Bd7 65. Nd1 Bb6 66. Nf1
Be6 67. Nb2 Bd4 68. Nd3 Bc4 69. Nd2 Bxd3+ 70. Kxd3 h3 0-1

[Event "Skakligaen 2005/06"]
[Site "Denmark"]
[Date "2006.01.15"]
[Round "5.1"]
[White "Pedersen, Nicolai Vesterbaek"]
[Black "Christensen, Jan Schleicher"]
[Result "1-0"]
[WhiteElo "2521"]
[BlackElo "2243"]
[PlyCount "43"]
[EventDate "2005.11.05"]
[EventType "team"]
[EventRounds "9"]
[EventCountry "DEN"]
[WhiteTeam "Aalborg"]
[BlackTeam "Nordre"]
[WhiteTeamCountry "DEN"]
[BlackTeamCountry "DEN"]

1. d4 Nf6 2. c4 c5 3. Nf3 cxd4 4. Nxd4 e5 5. Nb5 d5 6. cxd5 Bc5 7. e3 O-O 8.
N5c3 e4 9. Be2 Re8 10. Nd2 Bf5 11. Nc4 a6 12. a3 b5 13. b4 Ba7 14. Na5 Bb6 15.
Bb2 Bxa5 16. bxa5 Qxa5 17. O-O Nbd7 18. g4 Bg6 19. g5 Ne5 20. gxf6 Qd8 21. Qd4
Qxf6 22. Nxe4 1-0

[Event "Skakligaen 2005/06"]
[Site "Denmark"]
[Date "2006.01.15"]
[Round "5.3"]
[White "Jakobsen, Lars Veno"]
[Black "Hoiberg, Nina"]
[Result "0-1"]
[WhiteElo "2337"]
[BlackElo "2252"]
[PlyCount "58"]
[EventDate "2005.11.05"]
[EventType "team"]
[EventRounds "9"]
[EventCountry "DEN"]
[WhiteTeam "Aalborg"]
[BlackTeam "Nordre"]
[WhiteTeamCountry "DEN"]
[BlackTeamCountry "DEN"]

1. d4 d6 2. e4 Nf6 3. f3 e5 4. d5 c5 5. Bd3 Be7 6. Ne2 Nbd7 7. O-O Nf8 8. a4
Ng6 9. Na3 Nh5 10. g3 O-O 11. Nc4 b6 12. c3 a6 13. Ne3 Bg5 14. b4 Rb8 15. Rb1
Qc7 16. Rf2 a5 17. bxa5 bxa5 18. Rxb8 Qxb8 19. Bb5 Bxe3 20. Bxe3 Qc7 21. Nc1
Ne7 22. c4 f5 23. Bd2 fxe4 24. Nb3 Ng6 25. f4 exf4 26. Bxa5 Qe7 27. Qxh5 e3 28.
Rf3 Qe4 29. Nc1 Rf5 0-1

[Event "Skakligaen 2005/06"]
[Site "Denmark"]
[Date "2006.01.15"]
[Round "5.4"]
[White "Veng, Johny"]
[Black "Meyer, Lars August"]
[Result "1-0"]
[WhiteElo "2185"]
[BlackElo "2259"]
[PlyCount "46"]
[EventDate "2005.11.05"]
[EventType "team"]
[EventRounds "9"]
[EventCountry "DEN"]
[WhiteTeam "Nordre"]
[BlackTeam "Aalborg"]
[WhiteTeamCountry "DEN"]
[BlackTeamCountry "DEN"]

1. e4 e6 2. d4 d5 3. Nc3 dxe4 4. Nxe4 Nf6 5. Nxf6+ gxf6 6. Nf3 b6 7. Bb5+ c6 8.
Be2 Qc7 9. Be3 Bb7 10. c3 Nd7 11. Qa4 Bd6 12. Nd2 f5 13. g3 f4 14. gxf4 Bxf4
15. O-O-O a5 16. Rhg1 Bxe3 17. fxe3 Qxh2 18. Bf3 b5 19. Qa3 Qh6 20. Qd6 Rc8 21.
Rg3 Qxe3 22. Bh5 Qh6 23. Bxf7+ Kxf7 1-0

[Event "Skakligaen 2005/06"]
[Site "Denmark"]
[Date "2006.01.15"]
[Round "5.5"]
[White "Hellegaard, Carsten"]
[Black "Pedersen, Karl"]
[Result "0-1"]
[WhiteElo "2250"]
[BlackElo "2244"]
[PlyCount "46"]
[EventDate "2005.11.05"]
[EventType "team"]
[EventRounds "9"]
[EventCountry "DEN"]
[WhiteTeam "Aalborg"]
[BlackTeam "Nordre"]
[WhiteTeamCountry "DEN"]
[BlackTeamCountry "DEN"]

1. d4 Nf6 2. c4 g6 3. f3 d5 4. cxd5 Nxd5 5. e4 Nb6 6. Nc3 Bg7 7. Be3 O-O 8. Qd2
Nc6 9. O-O-O e5 10. d5 Nd4 11. Bh6 Qf6 12. h4 Bxh6 13. Qxh6 Qg7 14. Qe3 c5 15.
h5 Bd7 16. Kb1 g5 17. g3 h6 18. Bh3 f5 19. exf5 Bxf5+ 20. Bxf5 Rxf5 21. Re1 Re8
22. Rh2 Qf7 23. d6 Nc4 0-1

[Event "Skakligaen 2005/06"]
[Site "Denmark"]
[Date "2006.01.15"]
[Round "5.6"]
[White "Nielsen, Poul Erik"]
[Black "Nielsen, Steffen Slumstrup"]
[Result "1/2-1/2"]
[WhiteElo "2158"]
[BlackElo "2222"]
[PlyCount "39"]
[EventDate "2005.11.05"]
[EventType "team"]
[EventRounds "9"]
[EventCountry "DEN"]
[WhiteTeam "Nordre"]
[BlackTeam "Aalborg"]
[WhiteTeamCountry "DEN"]
[BlackTeamCountry "DEN"]

1. b3 Nf6 2. Bb2 d6 3. e3 g6 4. Bxf6 exf6 5. g3 Bg7 6. d4 f5 7. Ne2 O-O 8. Bg2
Nd7 9. c4 Re8 10. Nbc3 Nf6 11. Qc2 c6 12. O-O Qe7 13. Rae1 Bd7 14. Nf4 Ne4 15.
Kh1 Rac8 16. Nd1 h5 17. f3 Nf6 18. h4 Rc7 19. Qd2 Bc8 20. Nf2 1/2-1/2

[Event "Skakligaen 2005/06"]
[Site "Denmark"]
[Date "2006.01.15"]
[Round "5.7"]
[White "Hjorth, Torben"]
[Black "Hansen, Per"]
[Result "0-1"]
[WhiteElo "2201"]
[BlackElo "2140"]
[PlyCount "84"]
[EventDate "2005.11.05"]
[EventType "team"]
[EventRounds "9"]
[EventCountry "DEN"]
[WhiteTeam "Aalborg"]
[BlackTeam "Nordre"]
[WhiteTeamCountry "DEN"]
[BlackTeamCountry "DEN"]

1. e4 c5 2. Nf3 d6 3. d4 cxd4 4. Nxd4 Nf6 5. Nc3 g6 6. Bg5 Bg7 7. Qd2 h6 8. Bh4
O-O 9. Nb3 Kh7 10. Bd3 Nc6 11. f4 Bd7 12. O-O Rc8 13. Rae1 Ne8 14. Kh1 Nc7 15.
Nd5 Be6 16. c4 Kg8 17. Nxe7+ Nxe7 18. f5 g5 19. Bg3 Be5 20. fxe6 Nxe6 21. Rc1
b6 22. Be2 Rc6 23. Bg4 Qc8 24. Qe2 Ng6 25. Bxe5 dxe5 26. g3 Qa6 27. Rf6 Nef4
28. gxf4 Rxf6 29. fxg5 hxg5 30. Bf5 Rxf5 31. exf5 Qb7+ 32. Qg2 Qxg2+ 33. Kxg2
Nf4+ 34. Kf3 Rd8 35. Rg1 f6 36. h4 Kf7 37. hxg5 fxg5 38. Ke4 Kf6 39. Rh1 g4 40.
Rh7 g3 41. Rh1 g2 42. Rg1 Rh8 0-1

[Event "Skakligaen 2005/06"]
[Site "Denmark"]
[Date "2006.01.15"]
[Round "5.8"]
[White "Danstrup, Niels"]
[Black "Nielsen, Jorgen G"]
[Result "0-1"]
[WhiteElo "2120"]
[BlackElo "2149"]
[PlyCount "58"]
[EventDate "2005.11.05"]
[EventType "team"]
[EventRounds "9"]
[EventCountry "DEN"]
[WhiteTeam "Nordre"]
[BlackTeam "Aalborg"]
[WhiteTeamCountry "DEN"]
[BlackTeamCountry "DEN"]

1. e4 e5 2. Nf3 Nc6 3. c3 d5 4. Qa4 f6 5. Bb5 Nge7 6. exd5 Qxd5 7. O-O Be6 8.
d3 a6 9. Bc4 Qd7 10. Bxe6 Qxe6 11. Re1 Qd7 12. d4 exd4 13. cxd4 O-O-O 14. Be3
Nf5 15. Rd1 Nb4 16. Qb3 Qd5 17. Qc3 Qe6 18. Re1 Qd7 19. Na3 g5 20. Red1 h5 21.
Nc2 Nd5 22. Qd3 g4 23. Nfe1 h4 24. g3 hxg3 25. hxg3 Re8 26. Rab1 Qh7 27. Kf1
Nfxe3+ 28. Nxe3 Nxe3+ 29. fxe3 Qh1+ 0-1

[Event "Skakligaen 2005/06"]
[Site "Denmark"]
[Date "2006.01.15"]
[Round "5.1"]
[White "Rasmussen, Karsten"]
[Black "Nielsen, Peter Heine"]
[Result "0-1"]
[WhiteElo "2455"]
[BlackElo "2653"]
[PlyCount "72"]
[EventDate "2005.11.05"]
[EventType "team"]
[EventRounds "9"]
[EventCountry "DEN"]
[WhiteTeam "Skolerne"]
[BlackTeam "Helsinge"]
[WhiteTeamCountry "DEN"]
[BlackTeamCountry "DEN"]

1. d4 Nf6 2. Nf3 d5 3. c4 e6 4. Nc3 Bb4 5. Bg5 dxc4 6. e4 b5 7. e5 h6 8. Bh4 g5
9. Nxg5 hxg5 10. Bxg5 Nbd7 11. Qf3 Rb8 12. exf6 Bb7 13. Qe3 Nb6 14. O-O-O Nd5
15. Nxd5 Bxd5 16. Be2 Bxg2 17. Rhg1 Bd5 18. Bh6 Bd6 19. Bh5 Qxf6 20. Bg5 Qf5
21. Bg4 Qe4 22. h4 f5 23. Qxe4 Bxe4 24. Rde1 Kf7 25. Rxe4 fxe4 26. Re1 Be7 27.
Bxe6+ Kxe6 28. Rxe4+ Kd6 29. Bxe7+ Kd7 30. Bc5 Rbe8 31. Rf4 Re1+ 32. Kd2 Rhe8
33. Kc3 a5 34. d5 R8e2 35. Rf7+ Kc8 36. Be3 Rd1 0-1

[Event "Skakligaen 2005/06"]
[Site "Denmark"]
[Date "2006.01.15"]
[Round "5.2"]
[White "Schandorff, Lars"]
[Black "Sorensen, Jan"]
[Result "1-0"]
[WhiteElo "2530"]
[BlackElo "2416"]
[PlyCount "67"]
[EventDate "2005.11.05"]
[EventType "team"]
[EventRounds "9"]
[EventCountry "DEN"]
[WhiteTeam "Helsinge"]
[BlackTeam "Skolerne"]
[WhiteTeamCountry "DEN"]
[BlackTeamCountry "DEN"]

1. d4 c5 2. d5 Nf6 3. c4 a6 4. a4 e5 5. Nc3 d6 6. e4 Be7 7. Nf3 O-O 8. g3 Ne8
9. Bg2 Nd7 10. O-O g6 11. Ne1 Ng7 12. Nd3 f5 13. Bd2 Nf6 14. a5 fxe4 15. Nxe4
Nxe4 16. Bxe4 Bg5 17. Bc3 Nh5 18. Qe2 Nf6 19. Bg2 Re8 20. f3 Bf5 21. Nf2 h5 22.
h4 Bh6 23. g4 hxg4 24. fxg4 Bd7 25. g5 Nh5 26. gxh6 Nf4 27. Qe1 Rf8 28. Ne4 Bg4
29. Ng5 Rf5 30. h7+ Kh8 31. Bd2 Qf6 32. Rxf4 Rxf4 33. Bxf4 exf4 34. Qc3 1-0

[Event "Skakligaen 2005/06"]
[Site "Denmark"]
[Date "2006.01.15"]
[Round "5.3"]
[White "Glud, Jakob Vang"]
[Black "Berg, Emanuel"]
[Result "0-1"]
[WhiteElo "2404"]
[BlackElo "2540"]
[PlyCount "54"]
[EventDate "2005.11.05"]
[EventType "team"]
[EventRounds "9"]
[EventCountry "DEN"]
[WhiteTeam "Skolerne"]
[BlackTeam "Helsinge"]
[WhiteTeamCountry "DEN"]
[BlackTeamCountry "DEN"]

1. c4 f5 2. g3 Nf6 3. Bg2 g6 4. Nc3 Bg7 5. d3 d6 6. e4 Nc6 7. Nge2 O-O 8. O-O
e5 9. Nd5 h6 10. h3 g5 11. exf5 Bxf5 12. Nec3 Qd7 13. g4 Be6 14. Be3 Nh7 15.
Be4 Nd4 16. Bxd4 exd4 17. Ne2 c6 18. Nb4 h5 19. f3 hxg4 20. hxg4 Bxg4 21. Nc2
Bh3 22. Rf2 Nf6 23. Ncxd4 Ng4 24. Qd2 Nxf2 25. Kxf2 d5 26. cxd5 cxd5 27. Bg6
Qg4 0-1

[Event "Skakligaen 2005/06"]
[Site "Denmark"]
[Date "2006.01.15"]
[Round "5.4"]
[White "Hutters, Tomas"]
[Black "Christensen, Tobias"]
[Result "1-0"]
[WhiteElo "2440"]
[BlackElo "2322"]
[PlyCount "39"]
[EventDate "2005.11.05"]
[EventType "team"]
[EventRounds "9"]
[EventCountry "DEN"]
[WhiteTeam "Helsinge"]
[BlackTeam "Skolerne"]
[WhiteTeamCountry "DEN"]
[BlackTeamCountry "DEN"]

1. d4 d5 2. c4 e6 3. Nf3 Nf6 4. g3 Be7 5. Bg2 O-O 6. O-O dxc4 7. Nc3 a6 8. Ne5
c5 9. dxc5 Bxc5 10. Nxc4 Nbd7 11. Bf4 Qe7 12. Rc1 e5 13. Bg5 Qe6 14. Nd5 Rb8
15. Nxe5 Nxd5 16. Nxd7 Bxd7 17. Rxc5 Nb6 18. Qd4 Bb5 19. Re5 Qg6 20. Be7 1-0

[Event "Skakligaen 2005/06"]
[Site "Denmark"]
[Date "2006.01.15"]
[Round "5.5"]
[White "Kjeldsen, Jens"]
[Black "Fries Nielsen, Niels Jorgen"]
[Result "0-1"]
[WhiteElo "2424"]
[BlackElo "2386"]
[PlyCount "92"]
[EventDate "2005.11.05"]
[EventType "team"]
[EventRounds "9"]
[EventCountry "DEN"]
[WhiteTeam "Skolerne"]
[BlackTeam "Helsinge"]
[WhiteTeamCountry "DEN"]
[BlackTeamCountry "DEN"]

1. d4 Nf6 2. c4 c5 3. d5 d6 4. Nc3 g6 5. g3 Bg7 6. Bg2 O-O 7. Nf3 Bg4 8. Nd2
Qc8 9. h3 Bd7 10. e4 Na6 11. g4 Nc7 12. a4 a6 13. a5 Rb8 14. O-O b5 15. axb6
Rxb6 16. f4 Nfe8 17. Qe2 Qb8 18. Nf3 e6 19. Kh1 Rb3 20. e5 exd5 21. exd6 Nxd6
22. Qe7 Ne4 23. Nxe4 dxe4 24. Ne5 Be8 25. Qxc5 f6 26. Nc6 Bxc6 27. Qxc6 f5 28.
gxf5 gxf5 29. Ra5 Rf6 30. Qa4 Rf7 31. Rd1 Rb4 32. Qa2 Qe8 33. c5 Bd4 34. Qa3
Qb8 35. c6 Qb6 36. Qa2 Kg7 37. Qa3 Rf6 38. Ra4 Rxa4 39. Qxa4 Nb5 40. Qa2 Qxc6
41. Bd2 Rg6 42. Bc3 Bxc3 43. bxc3 Qxc3 44. Qd5 Qg3 45. Qe5+ Kh6 46. Rg1 Nd6 0-1

[Event "Skakligaen 2005/06"]
[Site "Denmark"]
[Date "2006.01.15"]
[Round "5.6"]
[White "Bekker Jensen, Simon"]
[Black "Rasmussen, Casper Dahl"]
[Result "1/2-1/2"]
[WhiteElo "2410"]
[BlackElo "2324"]
[PlyCount "59"]
[EventDate "2005.11.05"]
[EventType "team"]
[EventRounds "9"]
[EventCountry "DEN"]
[WhiteTeam "Helsinge"]
[BlackTeam "Skolerne"]
[WhiteTeamCountry "DEN"]
[BlackTeamCountry "DEN"]

1. d4 d5 2. c4 c6 3. Nf3 Nf6 4. Nc3 dxc4 5. a4 Bf5 6. Nh4 Bc8 7. Nf3 Bf5 8. Nh4
Bc8 9. e3 e5 10. Bxc4 exd4 11. exd4 Be7 12. O-O O-O 13. h3 Nd5 14. Nf3 Nxc3 15.
bxc3 c5 16. Ne5 Nc6 17. Qb3 Nxe5 18. dxe5 Qb6 19. Qc2 Be6 20. Bd3 g6 21. Be4
Rab8 22. Rb1 Qc7 23. Bh6 Rfe8 24. f4 Bc4 25. Rf3 Bf8 26. Bxf8 Rxf8 27. h4 f5
28. Bd3 Be6 29. Qe2 c4 30. Bc2 1/2-1/2

[Event "Skakligaen 2005/06"]
[Site "Denmark"]
[Date "2006.01.15"]
[Round "5.7"]
[White "Pedersen, Finn"]
[Black "Bekker Jensen, David"]
[Result "1-0"]
[WhiteElo "2315"]
[BlackElo "2285"]
[PlyCount "83"]
[EventDate "2005.11.05"]
[EventType "team"]
[EventRounds "9"]
[EventCountry "DEN"]
[WhiteTeam "Skolerne"]
[BlackTeam "Helsinge"]
[WhiteTeamCountry "DEN"]
[BlackTeamCountry "DEN"]

1. g3 g6 2. Bg2 Bg7 3. d4 d5 4. Nf3 Nf6 5. O-O O-O 6. c4 c6 7. Nbd2 a5 8. e3 a4
9. b4 axb3 10. Qxb3 Nbd7 11. cxd5 Nxd5 12. e4 Nc7 13. Bb2 c5 14. d5 c4 15. Nxc4
Nc5 16. Qe3 Bxb2 17. Nxb2 N7a6 18. Rfc1 b6 19. Nc4 Bd7 20. Rab1 Rb8 21. Nd4 f6
22. Qd2 Na4 23. e5 N6c5 24. e6 Be8 25. Qf4 Nd3 26. Qe3 Nxc1 27. Rxc1 Rc8 28. d6
Rxc4 29. Rxc4 Qxd6 30. Rc8 Nc5 31. Bc6 Bxc6 32. Rxc6 Qd5 33. Rxb6 Ra8 34. a3
Rd8 35. Nc6 Qd1+ 36. Kg2 Qd5+ 37. Qf3 Qxf3+ 38. Kxf3 Rd3+ 39. Ke2 Rxa3 40.
Nxe7+ Kg7 41. Nd5 Ra8 42. Rc6 1-0

[Event "Skakligaen 2005/06"]
[Site "Denmark"]
[Date "2006.01.15"]
[Round "5.8"]
[White "Lauridsen, Jesper Morch"]
[Black "Jacobsen, Bo"]
[Result "1-0"]
[WhiteElo "2225"]
[BlackElo "2279"]
[PlyCount "35"]
[EventDate "2005.11.05"]
[EventType "team"]
[EventRounds "9"]
[EventCountry "DEN"]
[WhiteTeam "Helsinge"]
[BlackTeam "Skolerne"]
[WhiteTeamCountry "DEN"]
[BlackTeamCountry "DEN"]

1. e4 e5 2. Nf3 Nc6 3. Bb5 Nf6 4. O-O Be7 5. d4 exd4 6. e5 Ne4 7. Nxd4 O-O 8.
Ne2 d5 9. Bxc6 bxc6 10. Nd2 Ba6 11. Nb3 Nc5 12. Nbd4 Qd7 13. Re1 Rae8 14. Ng3
Ne6 15. Qg4 Bc8 16. Bh6 Bc5 17. Ndf5 g6 18. Nh5 1-0